Normal view MARC view
  • Claudia Baldwin ; Mark Hamstead

Entry Personal Name

Number of records used in: 1

001 - CONTROL NUMBER

  • control field: 27722

003 - CONTROL NUMBER IDENTIFIER

  • control field: NUST

005 - DATE AND TIME OF LATEST TRANSACTION

  • control field: 20200117112804.0

008 - FIXED-LENGTH DATA ELEMENTS

  • fixed length control field: 200117|| aca||aabn | a|a d

040 ## - CATALOGING SOURCE

  • Original cataloging agency: NUST
  • Transcribing agency: NUST

100 ## - HEADING--PERSONAL NAME

  • Personal name: Claudia Baldwin ; Mark Hamstead

670 ## - SOURCE DATA FOUND

  • Source citation: Work cat.: (NUST): Claudia Baldwin ; Mark Hamstead, Integrated Water Resource Planning: Achieving Sustainable Outcomes, c2015
© 2023 Central Library, National University of Sciences and Technology. All Rights Reserved.